| 000 | 00972nam a22003137a 4500 | ||
|---|---|---|---|
| 003 | CHAP | ||
| 005 | 20220817040952.0 | ||
| 008 | 971013s1988 r 00010 d | ||
| 010 | _a3668 | ||
| 011 | _a4640 | ||
| 035 | _a3844 | ||
| 040 | _cCHAP | ||
| 090 | _aFolleto 12944 | ||
| 110 | _aInternational Crops Research Institute for the Semi-Arid Tropics | ||
| 245 |
_aPhosphorus in indian vertisols _b: summary proceeding... |
||
| 260 |
_aPatancheru,Andhra Pradesh : _bICRISAT, _c1988 |
||
| 300 | _a36 p | ||
| 500 | _aD50-243 | ||
| 590 |
_aBATCH-UPD _b10 _c20130110 _lUCH01 _h1130 |
||
| 590 |
_aBATCH-UPD _b10 _c20130410 _lUCH01 _h0719 |
||
| 590 |
_aBATCH-UPD _b10 _c20130914 _lUCH01 _h1403 |
||
| 590 |
_aCONVERSION _b10 _c20130109 _lUCH01 _h1303 |
||
| 650 | 1 | 4 |
_aFertilizantes fosfatados. _940592 |
| 650 | 1 | 4 |
_aSuelos _xFósforo en. _9110376 |
| 650 | 1 | 4 |
_aVertisoles. _9118971 |
| 901 | _aBK | ||
| 942 | _cFOLL | ||
| 949 |
_aFolleto 12944 _bBC _cFOLL _d-13373 _eTS1 _i3844 _mD _si |
||
| 999 |
_c3668 _d3668 |
||